Sports Quiz

Random Sports or Soccer Quiz

Serie A, I 10 top player che hanno giocato in Provincia Quiz Stats

 Plays Quiz not verified by Sporcle

Score 0/10 Timer 04:00
0 Plays Today
Squadra in cui ha giocato in A Answer % Correct
BresciaRoberto Baggio
97.1%
UdineseZico
52.2%
BolognaGiuseppe Signori
39.8%
FiorentinaSocrates
14.8%
AtalantaClaudio Caniggia
12.8%
AscoliOliver Bierhoff
11.2%
CagliariEnzo Francescoli
10.8%
PescaraLeo Junior
8.6%
ParmaHristo Stoichkov
8.4%
GenoaBranco
5%

You're not logged in!

Compare scores with friends on all Sporcle quizzes.
OR
Log In

Sporcle TV

Today on Sporcle TV


Watch our educational content, quiz creation guides, and fun videos on Sporcle TV.

Show Comments

Extras

Top Quizzes Today


Score Distribution

Your Account Isn't Verified!

In order to create a playlist on Sporcle, you need to verify the email address you used during registration. Go to your Sporcle Settings to finish the process.

Report this User

Report this user for behavior that violates our Community Guidelines.

Details: